Statystyki dla Losowe, sekwencyjne państwa afrykańskie na mapie

Kliknij tutaj aby rozwiązać quiz!

Ogólne statystyki

  • Ten quiz został rozwiązany 18 604 razy
    (13 200 od ostatniego zresetowania)
  • Średni wynik to 37 z 54

Odpowiedzi na mapie

Odpowiedzi skodowane kolorowo w zielono-czerwonej skali na mapie do tego quizu, zgodnie z poniższymi procentami.
 

Statystyki odpowiedzi

Kraj% Poprawnych
Algieria
72%
Egipt
72%
Libia
72%
Madagaskar
72%
Maroko
72%
Republika Poludniowej Afryki
72%
Somalia
72%
Tunezja
72%
Czad
71%
Demokratyczna Republika Konga
71%
Etiopia
71%
Lesotho
71%
Mali
71%
Niger
71%
Nigeria
71%
Sudan
71%
Angola
70%
Mauretania
70%
Mozambik
70%
Senegal
70%
Sudan Poludniowy
70%
Botswana
69%
Dzibuti
69%
Erytrea
69%
Eswatini
69%
Kamerun
69%
Kenia
69%
Komory
69%
Namibia
69%
Republika Srodkowoafrykanska
69%
Republika Zielonego Przyladka
69%
Seszele
69%
Tanzania
69%
Togo
69%
Benin
68%
Gambia
68%
Gwinea Równikowa
68%
Kongo
68%
Malawi
68%
Mauritius
68%
Uganda
68%
Wybrzeze Kosci Sloniowej
68%
Wyspy Swietego Tomasza i Ksiazeca
68%
Zambia
68%
Zimbabwe
68%
Burkina Faso
67%
Gabon
67%
Ghana
67%
Gwinea
67%
Liberia
67%
Rwanda
67%
Sierra Leone
67%
Burundi
66%
Gwinea Bissau
66%

Rozkład punktacji

Percentyl według liczby udzielonych odpowiedzi

Procent ludzi z każdym wynikiem

Twoja historia wyników

Nie rozwiązałeś tego quizu od ostatniego zresetowania